La Fiesta del Chivo / (Registro nro. 22865)

Detalles MARC
000 -LEADER
fixed length control field 00634nam a22002057a 4500
003 - CONTROL NUMBER IDENTIFIER
control field DO-CoUTE
005 - DATE AND TIME OF LATEST TRANSACTION
control field 20230713142011.0
008 - FIXED-LENGTH DATA ELEMENTS--GENERAL INFORMATION
fixed length control field 230708b dr ||||| |||| 00| 0 spa d
020 ## - INTERNATIONAL STANDARD BOOK NUMBER
International Standard Book Number 84-8400-957-2
040 ## - CATALOGING SOURCE
Original cataloging agency DO-CoUTE
Language of cataloging spa
Transcribing agency DO-CoUTE
082 ## - DEWEY DECIMAL CLASSIFICATION NUMBER
Edition number 22
Classification number 863.44 V297f 2000
100 1# - MAIN ENTRY--PERSONAL NAME
Personal name Vargas Llosa, Mario
Relator term autor
245 10 - TITLE STATEMENT
Title La Fiesta del Chivo /
Remainder of title Mario Vargas Llosa
250 ## - EDITION STATEMENT
Edition statement Primera edición
260 ## - PUBLICATION, DISTRIBUTION, ETC.
Place of publication, distribution, etc. Santo Domingo, República Dominicana :
Name of publisher, distributor, etc. Taller,
Date of publication, distribution, etc. 2000
300 ## - PHYSICAL DESCRIPTION
Extent 537 páginas :
Dimensions 15x22cm
504 ## - BIBLIOGRAPHY, ETC. NOTE
Bibliography, etc. note Incluye referencia bibliográfica e índice
650 #4 - SUBJECT ADDED ENTRY--TOPICAL TERM
Topical term or geographic name entry element Literatura Peruana
942 ## - ADDED ENTRY ELEMENTS (KOHA)
Source of classification or shelving scheme Dewey Decimal Classification
Koha item type Libros
Existencias
Withdrawn status Lost status Source of classification or shelving scheme Damaged status Not for loan Collection code Home library Current library Shelving location Date acquired Inventory number Full call number Barcode Date last seen Copy number Price effective from Koha item type Total Checkouts
    Dewey Decimal Classification     Colección Dominicana Biblioteca UTECO Biblioteca UTECO En Estantería 07/08/2023 022595 863.44 V297f 2000 022595 07/08/2023 Ej.1 07/08/2023 Libros  
    Dewey Decimal Classification     Colección General Biblioteca UTECO Biblioteca UTECO En Estantería 10/06/2025 023367 863.44 V297f 2000 023367 10/06/2025 Ej.2 10/06/2025 Libros  
© 2021 Derechos Reservados UTECO - Teléfono: +1 809-585-2291 - Correo electrónico: biblioteca@uteco.edu.do​  
Código postal 43000 ​​
Dirección: Avenida Universitaria No. 100, 
Cotuí, Provincia Sánchez Ramírez, República Dominicana - RNC: 404-00059-6